000 003170000a22001450004500
003 MACL
040 _aMACL
090 _c6790
_d6789
100 _aJain Bhawan
245 _aThus Sayeth our Lord
_bTeachings of Lord Mahavira
260 _bJain Bhawan
_c1974
350 _a1.50
650 _aReligion
942 _cBOOK
_k294
999 _c6742
_d6742